000 00669cam a2200193 i 4500
005 20251113111532.0
008 250721s1983 le gr 000 0 ara d
082 1 4 _a210
_bم و د
100 1 _aالمودودي، أبوالأعلى
_eمؤلف.
245 1 0 _aنظرية الإسلام وهديه في السياسة والقانون والدستور /
_c أبو الأعلى المودودي.
264 3 1 _aبيروت :
_bمؤسسة الرسالة،
_c1983.
300 _a384صفحة.
650 1 7 _aالاسلام.
650 1 7 _aالسياسة.
650 1 7 _aالقانون.
650 1 7 _aالدستور.
942 _2ddc
_cBK
999 _c130645
_d130645